[Event "Mittelrhein Verbandsliga-W 18/19"]
[Site "Nordrheinwestfalen"]
[Date "2019.02.10"]
[Round "7.1"]
[White "Schueller, Tobias"]
[Black "Wendland, Guido"]
[Result "1-0"]
[WhiteElo "1966"]
[BlackElo "1923"]
[PlyCount "81"]
[EventDate "2018.09.02"]
[EventType "team-tourn"]
[EventRounds "11"]
[EventCountry "GER"]
[SourceTitle "EXT 2022"]
[Source "ChessBase"]
[SourceDate "2021.10.06"]
[SourceVersion "1"]
[SourceVersionDate "2021.10.06"]
[SourceQuality "1"]
[WhiteTeam "Eschweiler SC"]
[BlackTeam "Brand SF"]
[WhiteTeamCountry "GER"]
[BlackTeamCountry "GER"]

1. Nf3 Nc6 2. e4 e5 3. Bb5 a6 4. Bxc6 bxc6 5. 0-0 d6 6. d4 f6 7. Be3 Ne7 8. Nbd2 g6 9. Re1 Bg7 10. Qe2 Be6 11. dxe5 fxe5 12. Ng5 Qd7 13. Nxe6 Qxe6 14. f3 0-0 15. Qc4 Qxc4 16. Nxc4 Rab8 17. Rab1 d5 18. Bc5 Rfe8 19. Na5 Rb5 20. b4 d4 21. a4 Rxc5 22. bxc5 Kf7 23. Rb7 Rc8 24. Reb1 Ke6 25. Ra7 Kd7 26. Rbb7 Bf6 27. Nc4 Kd8 28. Nd6 cxd6 29. cxd6 c5 30. dxe7+ Ke8 31. Rxa6 Bg5 32. Rd6 c4 33. Rd8+ Rxd8 34. exd8Q+ Kxd8 35. Rb2 c3 36. Rb5 Kc7 37. Rd5 Be3+ 38. Kf1 d3 39. Rxd3 Bd4 40. Ke2 Kb6 41. Rxd4 1-0

[Event "Mittelrhein Verbandsliga-W 18/19"]
[Site "Nordrheinwestfalen"]
[Date "2018.09.30"]
[Round "2.1"]
[White "Meirick, Ingo"]
[Black "Schueller, Tobias"]
[Result "1-0"]
[WhiteElo "2208"]
[BlackElo "1989"]
[PlyCount "51"]
[EventDate "2018.09.02"]
[EventType "team-tourn"]
[EventRounds "11"]
[EventCountry "GER"]
[SourceTitle "EXT 2022"]
[Source "ChessBase"]
[SourceDate "2021.10.06"]
[SourceVersion "1"]
[SourceVersionDate "2021.10.06"]
[SourceQuality "1"]
[WhiteTeam "Herzogenrath"]
[BlackTeam "Eschweiler SC"]
[WhiteTeamCountry "GER"]
[BlackTeamCountry "GER"]

1. e4 Nf6 2. e5 Nd5 3. d4 d6 4. Nf3 dxe5 5. Nxe5 Nd7 6. Nf3 g6 7. c4 N5b6 8. Nc3 c6 9. Bd3 Bg7 10. 0-0 0-0 11. Bf4 Re8 12. Re1 Nf6 13. h3 Bf5 14. Bxf5 gxf5 15. Qb3 e6 16. Rad1 Qd7 17. a4 Rad8 18. a5 Na8 19. d5 Qc8 20. Bg5 Nc7 21. d6 Na6 22. Qa3 c5 23. Nb5 Qb8 24. Ne5 Nb4 25. Qg3 f4 26. Qxf4 1-0

[Event "Mittelrhein Verbandsliga-W 17/18"]
[Site "Nordrheinwestfalen"]
[Date "2018.02.04"]
[Round "7.1"]
[White "Schueller, Tobias"]
[Black "Burovic, Ismet"]
[Result "0-1"]
[WhiteElo "1984"]
[BlackElo "2303"]
[PlyCount "50"]
[EventDate "2017.09.10"]
[EventType "team-tourn"]
[EventRounds "11"]
[EventCountry "GER"]
[SourceTitle "EXT 2022"]
[Source "ChessBase"]
[SourceDate "2021.10.06"]
[SourceVersion "1"]
[SourceVersionDate "2021.10.06"]
[SourceQuality "1"]
[WhiteTeam "Eschweiler SC"]
[BlackTeam "Alsdorf SVG"]
[WhiteTeamCountry "GER"]
[BlackTeamCountry "GER"]

1. d4 g6 2. c3 d5 3. Bf4 Bg7 4. e3 Nf6 5. h3 0-0 6. Nf3 c5 7. Be2 Nc6 8. Ne5 Qb6 9. Qb3 Nd7 10. Qxb6 axb6 11. Nxd7 Bxd7 12. Bc7 e5 13. dxe5 Nxe5 14. Nd2 Rfc8 15. Bd6 Re8 16. Nf3 Nc6 17. Bc7 d4 18. cxd4 cxd4 19. exd4 Nxd4 20. Nxd4 Bxd4 21. Kf1 Bxb2 22. Rb1 Bd4 23. Bxb6 Bxb6 24. Rxb6 Rxa2 25. Bd3 Rd2 0-1

[Event "Mittelrhein Verbandsliga-W 17/18"]
[Site "Nordrheinwestfalen"]
[Date "2017.09.10"]
[Round "1.1"]
[White "Voulon, Oliver"]
[Black "Schueller, Tobias"]
[Result "1/2-1/2"]
[WhiteElo "2014"]
[BlackElo "1961"]
[PlyCount "40"]
[EventDate "2017.09.10"]
[EventType "team-tourn"]
[EventRounds "11"]
[EventCountry "GER"]
[SourceTitle "EXT 2022"]
[Source "ChessBase"]
[SourceDate "2021.10.06"]
[SourceVersion "1"]
[SourceVersionDate "2021.10.06"]
[SourceQuality "1"]
[WhiteTeam "Lendersdorf"]
[BlackTeam "Eschweiler SC"]
[WhiteTeamCountry "GER"]
[BlackTeamCountry "GER"]

1. d4 d5 2. Nf3 c6 3. Bf4 Bf5 4. e3 e6 5. Be2 h6 6. 0-0 Nf6 7. Ne5 Be7 8. c4 0-0 9. Nc3 Nbd7 10. Qb3 Qb6 11. Qxb6 axb6 12. Nxd7 Nxd7 13. a3 Ra7 14. f3 Bh7 15. e4 dxc4 16. Bxc4 b5 17. Bb3 Rfa8 18. Rac1 b4 19. axb4 Bxb4 20. d5 Nc5 1/2-1/2

[Event "Dortmund Sparkassen op-B"]
[Site "Dortmund"]
[Date "2012.07.16"]
[Round "3"]
[White "Schueller, Tobias"]
[Black "Hofer, Stefan"]
[Result "1/2-1/2"]
[WhiteElo "1857"]
[BlackElo "1613"]
[PlyCount "31"]
[EventDate "2012.07.14"]
[EventType "swiss"]
[EventRounds "9"]
[EventCountry "GER"]
[SourceTitle "EXT 2014"]
[Source "ChessBase"]
[SourceDate "2013.11.20"]
[SourceVersion "1"]
[SourceVersionDate "2013.11.20"]
[SourceQuality "1"]

1. e4 c5 2. c3 Nf6 3. e5 Nd5 4. d4 cxd4 5. cxd4 Nc6 6. Nc3 Nxc3 7. bxc3 d6 8. f4 dxe5 9. fxe5 Qd5 10. Nf3 Bf5 11. Be2 e6 12. 0-0 Be7 13. Qb3 Qxb3 14. axb3 a6 15. Ba3 Rc8 16. Bxe7 1/2-1/2

[Event "BEL-ch U18/20"]
[Site "Bruges"]
[Date "2012.04.12"]
[Round "7"]
[White "Schueller, Tobias"]
[Black "Vintioen, Ben"]
[Result "1/2-1/2"]
[WhiteElo "1910"]
[BlackElo "1937"]
[PlyCount "39"]
[EventDate "2012.04.08"]
[EventType "swiss"]
[EventRounds "9"]
[EventCountry "BEL"]
[SourceTitle "CBM 147 Extra"]
[Source "ChessBase"]
[SourceDate "2012.04.24"]
[SourceVersion "1"]
[SourceVersionDate "2012.04.24"]
[SourceQuality "1"]

1. e4 e6 2. d4 d5 3. Nd2 c5 4. exd5 Qxd5 5. Ngf3 cxd4 6. Bc4 Qd6 7. 0-0 Nc6 8. Nb3 Nf6 9. Nbxd4 Nxd4 10. Qxd4 Qxd4 11. Nxd4 a6 12. Re1 Be7 13. Bg5 h6 14. Bh4 g5 15. Bg3 0-0 16. h3 Bc5 17. Nb3 Ba7 18. Bd6 Re8 19. Bc5 b5 20. Bxa7 1/2-1/2

[Event "BEL-ch U18/20"]
[Site "Bruges"]
[Date "2012.04.09"]
[Round "2"]
[White "Schueller, Tobias"]
[Black "Harutyunyan, Axel"]
[Result "0-1"]
[WhiteElo "1910"]
[BlackElo "1739"]
[PlyCount "82"]
[EventDate "2012.04.08"]
[EventType "swiss"]
[EventRounds "9"]
[EventCountry "BEL"]
[SourceTitle "CBM 147 Extra"]
[Source "ChessBase"]
[SourceDate "2012.04.24"]
[SourceVersion "1"]
[SourceVersionDate "2012.04.24"]
[SourceQuality "1"]

1. e4 c5 2. Nc3 Nc6 3. g3 g6 4. Bg2 Bg7 5. d3 d6 6. f4 Nf6 7. h3 Bd7 8. Nge2 a6 9. Be3 b5 10. Qd2 Rc8 11. 0-0 Qc7 12. g4 e6 13. Nd1 h6 14. c3 e5 15. fxe5 Nxe5 16. b3 Qd8 17. Nf4 g5 18. Nd5 Nxd5 19. exd5 Ng6 20. Be4 0-0 21. Bxg6 fxg6 22. d4 Rxf1+ 23. Kxf1 Qf8+ 24. Kg2 c4 25. b4 Qf7 26. Qf2 Qxd5+ 27. Qf3 Qe6 28. Qg3 Rf8 29. a3 Bc6+ 30. Kh2 Rf3 31. Qe1 Bf8 32. Bd2 Qd5 33. Qe2 Qe4 34. Qxe4 Bxe4 35. Ra2 d5 36. Be1 Bd6+ 37. Kg1 Rxh3 38. Rb2 Rh1+ 39. Kf2 Rh2+ 40. Kg1 Rxb2 41. Nxb2 Bf3 0-1

[Event "BEL-ch U18/20"]
[Site "Bruges"]
[Date "2012.04.08"]
[Round "1"]
[White "Vanroose, Sibran"]
[Black "Schueller, Tobias"]
[Result "0-1"]
[WhiteElo "1521"]
[BlackElo "1910"]
[PlyCount "62"]
[EventDate "2012.04.08"]
[EventType "swiss"]
[EventRounds "9"]
[EventCountry "BEL"]
[SourceTitle "CBM 147 Extra"]
[Source "ChessBase"]
[SourceDate "2012.04.24"]
[SourceVersion "1"]
[SourceVersionDate "2012.04.24"]
[SourceQuality "1"]

1. e4 Nf6 2. Nc3 d5 3. exd5 Nxd5 4. Qf3 Nxc3 5. Qxc3 Nc6 6. Bc4 e5 7. Nf3 Bb4 8. Qe3 0-0 9. 0-0 Qd6 10. Re1 Bd7 11. Qe4 Rae8 12. a3 Bc5 13. d3 Nd4 14. Ra2 Bc6 15. Qg4 Bxf3 16. gxf3 Nxc2 17. Rd1 Nd4 18. b4 Bb6 19. a4 c6 20. Kh1 Qf6 21. f4 Bc7 22. fxe5 Qxe5 23. f4 Qf5 24. Rg1 Qxg4 25. Rxg4 Re1+ 26. Rg1 Rxg1+ 27. Kxg1 Re8 28. Kf2 g6 29. Be3 Nf5 30. Re2 Nxe3 31. Rxe3 Bb6 0-1

[Event "GER-ch Net qual1 U25"]
[Site "Playchess.com INT"]
[Date "2011.05.01"]
[Round "3"]
[White "Schnoor, Ekkehard"]
[Black "Schueller, Tobias"]
[Result "0-1"]
[WhiteElo "1961"]
[BlackElo "1910"]
[PlyCount "90"]
[EventDate "2011.05.01"]
[EventType "swiss (blitz)"]
[EventRounds "7"]
[EventCountry "GER"]
[SourceTitle "CBM 142 Extra"]
[Source "ChessBase"]
[SourceDate "2011.06.27"]
[SourceVersion "1"]
[SourceVersionDate "2011.06.27"]
[SourceQuality "1"]

1. e4 Nf6 2. e5 Nd5 3. d4 d6 4. Nf3 dxe5 5. Nxe5 Nd7 6. Nxf7 Kxf7 7. Qh5+ g6 8. Qxd5+ e6 9. Qf3+ Nf6 10. c3 Bg7 11. Bc4 Rf8 12. 0-0 Kg8 13. Bg5 h6 14. Bh4 g5 15. Bg3 Nd5 16. Qe4 c6 17. Nd2 a5 18. Nf3 b5 19. Bd3 Nf6 20. Qe2 Qd5 21. Ne5 Nd7 22. Ng6 Re8 23. Be4 Qc4 24. Qxc4 bxc4 25. Bxc6 Rb8 26. Rab1 Kf7 27. Bxd7 Bxd7 28. Ne5+ Bxe5 29. Bxe5 Rb7 30. f4 g4 31. b3 cxb3 32. axb3 Kg6 33. Rfe1 Ra8 34. Re3 a4 35. b4 Bb5 36. h3 h5 37. hxg4 hxg4 38. g3 Bc4 39. Ra1 a3 40. Kg2 a2 41. Ree1 Ra3 42. Rec1 Rba7 43. Kf2 Rb3 44. Ke3 Rb2 45. Rd1 Re2# 0-1

[Event "GER-ch Net qual1 U25"]
[Site "Playchess.com INT"]
[Date "2011.05.01"]
[Round "7"]
[White "Schueller, Tobias"]
[Black "Colpe, Malte"]
[Result "0-1"]
[WhiteElo "1910"]
[BlackElo "2039"]
[PlyCount "118"]
[EventDate "2011.05.01"]
[EventType "swiss (blitz)"]
[EventRounds "7"]
[EventCountry "GER"]
[SourceTitle "CBM 142 Extra"]
[Source "ChessBase"]
[SourceDate "2011.06.27"]
[SourceVersion "1"]
[SourceVersionDate "2011.06.27"]
[SourceQuality "1"]

1. e4 c5 2. c3 d6 3. d4 cxd4 4. cxd4 g6 5. Nc3 h5 6. Nf3 h4 7. Be3 h3 8. g3 Nf6 9. Ng5 Bh6 10. Nxh3 Bxe3 11. fxe3 Bxh3 12. Bxh3 Rxh3 13. Qf3 Nc6 14. 0-0 Qa5 15. Kg2 Qh5 16. Qxh5 Rxh5 17. h3 0-0-0 18. g4 Rh4 19. Kg3 Rh7 20. Nd5 Nxe4+ 21. Kg2 e6 22. Nf6 Nxf6 23. Rxf6 Rdh8 24. Rf3 f5 25. g5 e5 26. dxe5 dxe5 27. Rd1 e4 28. Rg3 Ne5 29. Rd6 Rd7 30. Re6 Rd2+ 31. Kg1 Nf3+ 32. Kf1 Rd1+ 33. Ke2 Rhd8 34. Rxf3 exf3+ 35. Kxf3 R1d6 36. Re7 R8d7 37. Re8+ Kc7 38. Re5 Rb6 39. Rc5+ Rc6 40. Rd5 Rxd5 41. e4 fxe4+ 42. Kxe4 Rxg5 43. h4 Rh5 44. Kf4 Rxh4+ 45. Kg5 Rb4 46. b3 Rc2 47. a3 Rxb3 48. Kxg6 Rxa3 49. Kf6 Rc6+ 50. Ke5 Ra5+ 51. Kd4 Rac5 52. Ke4 b5 53. Kd4 a5 54. Ke4 b4 55. Kd4 a4 56. Kd3 b3 57. Kd4 a3 58. Ke4 b2 59. Kf4 a2 0-1

[Event "GER-ch Net qual1 U25"]
[Site "Playchess.com INT"]
[Date "2011.05.01"]
[Round "2"]
[White "Schueller, Tobias"]
[Black "Laubert, Johannes"]
[Result "1/2-1/2"]
[WhiteElo "1910"]
[BlackElo "2378"]
[PlyCount "178"]
[EventDate "2011.05.01"]
[EventType "swiss (blitz)"]
[EventRounds "7"]
[EventCountry "GER"]
[SourceTitle "CBM 142 Extra"]
[Source "ChessBase"]
[SourceDate "2011.06.27"]
[SourceVersion "1"]
[SourceVersionDate "2011.06.27"]
[SourceQuality "1"]

1. e4 e6 2. d4 d5 3. exd5 exd5 4. c3 Bd6 5. Bd3 Ne7 6. Nf3 Bf5 7. Bxf5 Nxf5 8. 0-0 0-0 9. Re1 Nd7 10. Qd3 Qf6 11. Bg5 Qg6 12. g4 Nh6 13. Qxg6 hxg6 14. Bxh6 gxh6 15. h3 Rfe8 16. Nbd2 Nf6 17. Rxe8+ Rxe8 18. Re1 Rxe1+ 19. Nxe1 c6 20. Nd3 h5 21. f3 b6 22. Kf2 Kg7 23. Ke3 Nh7 24. Nf4 h4 25. Ng2 Be7 26. f4 g5 27. f5 Bd6 28. Nf3 Kf6 29. Nge1 Nf8 30. Nd3 Nd7 31. a3 c5 32. Nf2 c4 33. Nd1 b5 34. Ke2 Nb6 35. Ne3 Bf4 36. Ne1 Bxe3 37. Kxe3 Na4 38. Nc2 a5 39. Kd2 Ke7 40. Ne3 Kd6 41. Kc2 Nb6 42. Kd2 Na4 43. Kc2 Nb6 44. Kd2 Nd7 45. Kc2 Nf6 46. Nd1 Ne4 47. Kc1 Ng3 48. Kd2 Ne4+ 49. Kc1 Kc6 50. Kc2 Ng3 51. Nf2 Ne2 52. Kd2 Nf4 53. Kc2 Kb6 54. Kc1 b4 55. axb4 axb4 56. Kc2 Kb5 57. b3 Ne2 58. cxb4 Kxb4 59. bxc4 Kxc4 60. Kd2 Nxd4 61. Nd3 f6 62. Nb2+ Kc5 63. Nd3+ Kd6 64. Nf2 Nf3+ 65. Ke3 Ne5 66. Kd4 Nc6+ 67. Kd3 Ke5 68. Ke3 d4+ 69. Kd3 Ne7 70. Ne4 Nd5 71. Nc5 Nf4+ 72. Kd2 Nxh3 73. Nd7+ Kd6 74. Nxf6 Ke7 75. Ne4 Kd7 76. Kd3 Nf4+ 77. Kxd4 h3 78. Ng3 Kd6 79. Ke4 Ng2 80. Kf3 Ke5 81. Nh5 Nf4 82. f6 h2 83. Ng3 Kxf6 84. Nh1 Ke5 85. Kg3 Ne2+ 86. Kxh2 Kf4 87. Nf2 Kf3 88. Nh3 Kxg4 89. Nxg5 Kxg5 1/2-1/2

[Event "GER-ch Net qual1 U25"]
[Site "Playchess.com INT"]
[Date "2011.05.01"]
[Round "5"]
[White "Schueller, Tobias"]
[Black "Reichel, Jonathan"]
[Result "1/2-1/2"]
[WhiteElo "1910"]
[BlackElo "2022"]
[PlyCount "148"]
[EventDate "2011.05.01"]
[EventType "swiss (blitz)"]
[EventRounds "7"]
[EventCountry "GER"]
[SourceTitle "CBM 142 Extra"]
[Source "ChessBase"]
[SourceDate "2011.06.27"]
[SourceVersion "1"]
[SourceVersionDate "2011.06.27"]
[SourceQuality "1"]

1. e4 c5 2. c3 Nf6 3. e5 Nd5 4. d4 cxd4 5. cxd4 Nc6 6. Nc3 Nxc3 7. bxc3 d6 8. f4 g6 9. Nf3 Bg7 10. Bd3 0-0 11. 0-0 Bg4 12. Bd2 Rc8 13. h3 Bxf3 14. Qxf3 Na5 15. exd6 Qxd6 16. f5 Nc4 17. Bxc4 Rxc4 18. Qf4 Qxf4 19. Rxf4 Bh6 20. Rf2 Bxd2 21. Rxd2 Rxc3 22. fxg6 hxg6 23. Rb1 b6 24. Re2 e6 25. Rd1 Rd8 26. Red2 Rd5 27. Kf2 Kg7 28. g3 Rg5 29. Rd3 Rxd3 30. Rxd3 Ra5 31. Rd2 Kf6 32. Kf3 Kf5 33. g4+ Kf6 34. Kf4 Ra3 35. h4 Rh3 36. g5+ Ke7 37. Kg4 Rh1 38. d5 Rg1+ 39. Kh3 Rh1+ 40. Kg4 Ra1 41. dxe6 Kxe6 42. Kf4 Rf1+ 43. Kg4 Rf5 44. h5 gxh5+ 45. Kxh5 f6 46. Re2+ Kd6 47. Kg6 Rxg5+ 48. Kxf6 Rg1 49. Kf5 Kc5 50. Ke6 Rd1 51. Kf5 Kb4 52. Re7 a5 53. Re3 Ra1 54. Rb3+ Kc5 55. Rb2 b5 56. Ke4 Rd1 57. Ke3 b4 58. Ke2 Rd8 59. Rc2+ Kb5 60. Rb2 Ka4 61. Rb3 Rd7 62. Ke3 Rd6 63. Ke2 Rd5 64. Ke3 Rc5 65. Kd2 Rh5 66. Kc1 Rh2 67. Kb1 Kb5 68. Rg3 a4 69. Rg5+ Kc4 70. Rg4+ Kc3 71. Rg3+ Kd2 72. Rg4 Kc3 73. Rg3+ Kc4 74. Rg4+ Kc3 1/2-1/2

[Event "Dortmund Sparkassen op-B"]
[Site "Dortmund"]
[Date "2010.07.23"]
[Round "7"]
[White "Bieberle, Gerhart"]
[Black "Schueller, Tobias"]
[Result "0-1"]
[WhiteElo "1921"]
[BlackElo "1910"]
[PlyCount "120"]
[EventDate "2010.07.17"]
[EventType "swiss"]
[EventRounds "9"]
[EventCountry "GER"]
[SourceTitle "EXT 2014"]
[Source "ChessBase"]
[SourceDate "2013.11.20"]
[SourceVersion "1"]
[SourceVersionDate "2013.11.20"]
[SourceQuality "1"]

1. d4 d5 2. c4 c6 3. Nc3 Nf6 4. cxd5 cxd5 5. a3 e6 6. f4 Nc6 7. Nf3 Be7 8. e3 0-0 9. Bd3 Bd7 10. h3 Rc8 11. g4 Na5 12. Ne5 Ne8 13. Qc2 h6 14. 0-0 Nd6 15. Bd2 Nac4 16. Rf2 a6 17. Raf1 Nxe5 18. fxe5 Nb5 19. Qb3 Nxc3 20. Bxc3 Bg5 21. Rf3 Bc6 22. Kg2 Be7 23. Kh2 Qd7 24. Qa2 Bb5 25. Rd1 Bxd3 26. Rxd3 Qb5 27. Rd2 Qc4 28. Qa1 Qb3 29. Rf1 Bxa3 30. Rc1 Be7 31. Rd3 Rc4 32. Rcd1 Rfc8 33. R1d2 Qb5 34. Kg3 a5 35. Qxa5 Qxa5 36. Bxa5 b5 37. Rb3 b4 38. Rd1 Ra8 39. Bb6 Ra6 40. Bc5 Bxc5 41. dxc5 Rc6 42. Ra1 R6xc5 43. Ra8+ Kh7 44. Rb8 Re4 45. R8xb4 Rcc4 46. Rxc4 dxc4 47. Rc3 Rxe5 48. Rxc4 Rxe3+ 49. Kf4 Rb3 50. Rc2 Rxh3 51. b4 Rb3 52. Rc4 f6 53. Ke4 g5 54. Kd4 f5 55. gxf5 exf5 56. Ke5 Kg6 57. Rd4 g4 58. Kf4 Rf3+ 59. Ke5 Kg5 60. Rd8 Re3+ 0-1

[Event "Dortmund Sparkassen op-B"]
[Site "Dortmund"]
[Date "2010.07.18"]
[Round "2"]
[White "Schueller, Tobias"]
[Black "Herrmann, Christoph"]
[Result "1/2-1/2"]
[WhiteElo "1910"]
[BlackElo "1935"]
[PlyCount "90"]
[EventDate "2010.07.17"]
[EventType "swiss"]
[EventRounds "9"]
[EventCountry "GER"]
[SourceTitle "EXT 2014"]
[Source "ChessBase"]
[SourceDate "2013.11.20"]
[SourceVersion "1"]
[SourceVersionDate "2013.11.20"]
[SourceQuality "1"]

1. e4 c5 2. c3 d5 3. exd5 Qxd5 4. d4 cxd4 5. cxd4 Nc6 6. Nf3 e6 7. Nc3 Qd8 8. Be3 Nf6 9. Be2 Be7 10. 0-0 0-0 11. Rc1 Nb4 12. Qb3 Nbd5 13. Nxd5 Nxd5 14. Rc2 Qb6 15. Rfc1 Qxb3 16. axb3 f6 17. Bd2 Bd7 18. Bc4 Nb4 19. Bxb4 Bxb4 20. Nd2 b5 21. Bd3 Rfd8 22. Be4 Rac8 23. Rxc8 Rxc8 24. Rxc8+ Bxc8 25. Nf3 Bd7 26. Kf1 g5 27. Ne1 a5 28. Nd3 Bd6 29. g3 h5 30. Ke2 Kf7 31. Ke3 h4 32. f4 hxg3 33. hxg3 gxf4+ 34. gxf4 Ke7 35. Nc5 Be8 36. Bd3 Bc6 37. Ne4 Bc7 38. Nc3 b4 39. Ne4 e5 40. dxe5 fxe5 41. fxe5 Bxe5 42. Nd2 Bxb2 43. Nc4 Bc1+ 44. Kd4 a4 45. bxa4 Bxa4 1/2-1/2

[Event "Dortmund Sparkassen op-B"]
[Site "Dortmund"]
[Date "2010.07.17"]
[Round "1"]
[White "Nolte, Katharina"]
[Black "Schueller, Tobias"]
[Result "0-1"]
[WhiteElo "1291"]
[BlackElo "1910"]
[PlyCount "62"]
[EventDate "2010.07.17"]
[EventType "swiss"]
[EventRounds "9"]
[EventCountry "GER"]
[SourceTitle "EXT 2014"]
[Source "ChessBase"]
[SourceDate "2013.11.20"]
[SourceVersion "1"]
[SourceVersionDate "2013.11.20"]
[SourceQuality "1"]

1. e4 e6 2. c4 c5 3. Nc3 Nc6 4. g3 g6 5. Bg2 Bg7 6. Nge2 Nge7 7. d3 0-0 8. 0-0 b6 9. Be3 Bb7 10. f4 a6 11. a4 f5 12. e5 d6 13. d4 Na5 14. Bxb7 Nxb7 15. dxc5 dxc5 16. Qxd8 Rfxd8 17. Rfd1 Na5 18. Rab1 Nxc4 19. Bf2 Nc6 20. b3 N4a5 21. g4 Kf7 22. Bh4 Ne7 23. b4 cxb4 24. Rxb4 Rxd1+ 25. Nxd1 Nd5 26. Rb1 Rc8 27. h3 Bf8 28. Bf2 Bc5 29. Nd4 Nc4 30. Rc1 Nd2 31. Kg2 Nxf4+ 0-1

[Event "Dortmund op-B"]
[Site "Dortmund"]
[Date "2009.07.07"]
[Round "4"]
[White "Ziabari, Morteza"]
[Black "Schueller, Tobias"]
[Result "1-0"]
[WhiteElo "1959"]
[BlackElo "1632"]
[PlyCount "159"]
[EventDate "2009.07.04"]
[EventType "swiss"]
[EventRounds "9"]
[EventCountry "GER"]
[SourceTitle "EXT 2012"]
[Source "ChessBase"]
[SourceDate "2011.11.24"]
[SourceVersion "1"]
[SourceVersionDate "2011.11.24"]
[SourceQuality "1"]

1. e4 e6 2. d4 d5 3. e5 c5 4. c3 Nc6 5. Nf3 Qb6 6. Bd3 Bd7 7. Bc2 cxd4 8. cxd4 Nb4 9. 0-0 Nxc2 10. Qxc2 Rc8 11. Nc3 Ne7 12. Be3 Bb5 13. Rfe1 Qa6 14. Rac1 Bd3 15. Qb3 Nc6 16. Nd2 Bg6 17. a3 Be7 18. Na4 b6 19. Qd1 0-0 20. b4 b5 21. Nc5 Bxc5 22. bxc5 Qxa3 23. Nb3 Qa6 24. Ra1 Qb7 25. Qg4 Nb4 26. Na5 Qc7 27. Rec1 Nc2 28. Ra2 Nxe3 29. fxe3 Ra8 30. Qe2 Rfb8 31. c6 Rb6 32. Rc5 a6 33. Rb2 f6 34. exf6 gxf6 35. Qg4 Kf7 36. Rf2 Rbb8 37. Nb7 Rg8 38. Rf3 f5 39. e4 dxe4 40. Qxe4 Rge8 41. g4 Kg8 42. gxf5 exf5 43. Qd5+ Kg7 44. Nd6 Rf8 45. Qe5+ Kg8 46. Qe6+ Kg7 47. Rg3 Kh8 48. h4 Rad8 49. Qe5+ Kg8 50. Nxf5 Qxe5 51. Rxe5 Kh8 52. Ne7 Rxd4 53. c7 Rd1+ 54. Kh2 Rc1 55. h5 Bd3 56. Reg5 h6 57. Rg8+ Rxg8 58. Rxg8+ Kh7 59. c8Q Rxc8 60. Rxc8 a5 61. Nc6 b4 62. Nxa5 Be2 63. Rc5 Kg7 64. Kg3 Bd1 65. Rb5 b3 66. Nxb3 Bc2 67. Nd4 Be4 68. Nf5+ Kf6 69. Kf4 Bd3 70. Rb6+ Kf7 71. Rxh6 Kg8 72. Rg6+ Kh8 73. Kg5 Bc2 74. Rc6 Be4 75. Rc8+ Kh7 76. h6 Bd5 77. Rc7+ Kh8 78. Ne7 Bf7 79. Kf6 Bh5 80. Ng6+ 1-0